Perception and illusion : historical perspectives /

Bibliographic Details
Main Author: Wade, Nicholas J.
Corporate Author: SpringerLink (Online service)
Format: eBook
Language:English
Published: New York : Springer Science, [2005]
Series:Library of the history of psychological theories.
Subjects:
Online Access:Connect to the full text of this electronic book

MARC

Tag First Indicator Second Indicator Subfields
LEADER 00000cam a2200000Ia 4500
001 in00002467993
005 20210817090724.0
006 m d
007 cr cn|||||||||
008 080226s2005 nyu sb 001 0 eng d
020 |a 0387227237 
020 |a 9780387227238 
029 1 |a AU@  |b 000042136027 
035 |a (OCoLC)209821221 
035 |a (OCoLC)ocn209821221 
037 |a 978-0-387-22722-1  |b Springer  |n http://www.springerlink.com 
040 |a GW5XE  |c GW5XE  |d UtOrBLW 
049 |a TEFA 
050 1 4 |a BF241  |b .W3195 2005eb 
060 1 4 |a 2006 C-301 
060 1 4 |a WW 105  |b W116p 2005 
072 7 |a BF  |2 lcco 
082 0 4 |a 152.1/4  |2 22 
082 0 4 |a 152.7/4  |2 22 
100 1 |a Wade, Nicholas J.  |0 http://id.loc.gov/authorities/names/n2006038935 
245 1 0 |a Perception and illusion :  |b historical perspectives /  |c Nicholas J. Wade. 
264 1 |a New York :  |b Springer Science,  |c [2005] 
264 4 |c ©2005 
300 |a xiv, 250 pages ;  |c 24 cm. 
336 |a text  |b txt  |2 rdacontent 
337 |a computer  |b c  |2 rdamedia 
338 |a online resource  |b cr  |2 rdacarrier 
490 1 |a Library of the history of psychological theories 
500 |a Electronic resource. 
504 |a Includes bibliographical references (pages 205-225) and indexes. 
505 0 0 |g Ch. 1  |t Recording observations --  |g Ch. 2  |t Nature of perceptual error --  |g Ch. 3 Nature of veridicality --  |g Ch. 4  |t Perception in the seventeenth and eighteenth centuries --  |g Ch. 5  |t Instrumental revolution in the nineteenth century --  |g Ch. 6  |t Response revolution in the nineteenth century --  |g Ch. 7  |t Fragmentation of the senses in the nineteenth century --  |g Ch. 8  |t Twentieth century: the multiplication of illusion --  |g Ch. 9  |t Conclusions --  |t References --  |t Name index --  |t Subject index. 
533 |a Electronic reproduction.  |b New York :  |c Springer,  |d 2008.  |n Mode of access: World Wide Web.  |n System requirements: Web browser.  |n Title from title screen (viewed on Jan. 30, 2008).  |n Access may be restricted to users at subscribing institutions. 
650 1 2 |a Visual Perception.  |0 https://id.nlm.nih.gov/mesh/D014796 
650 2 2 |a Ophthalmology  |x history.  |0 https://id.nlm.nih.gov/mesh/D009885Q000266 
650 2 2 |a Optical Illusions.  |0 https://id.nlm.nih.gov/mesh/D009903 
650 2 2 |a Optics  |x History.  |0 http://id.loc.gov/authorities/subjects/sh2008108682 
650 1 7 |a Illusies.  |2 gtt 
650 1 7 |a Visuele waarneming.  |2 gtt 
650 0 |a Vision  |x History. 
650 0 |a Visual perception.  |0 http://id.loc.gov/authorities/subjects/sh85143926 
655 7 |a Electronic books.  |2 local 
710 2 |a SpringerLink (Online service)  |0 http://id.loc.gov/authorities/names/no2005046756 
776 1 |c Original  |z 0387227229  |z 9780387227221  |z 0387227237  |z 9780387227238  |w (DLC) 2004056968  |w (OCoLC)56809865 
830 0 |a Library of the history of psychological theories.  |0 http://id.loc.gov/authorities/names/n2004141112 
856 4 0 |u http://proxy.library.tamu.edu/login?url=https://dx.doi.org/10.1007/b99587  |z Connect to the full text of this electronic book  |t 0 
994 |a C0  |b TEF 
999 |a MARS 
999 f f |s ea58fffd-6127-3f74-96aa-022410e2a100  |i d5d2b93c-60ef-377f-ad17-c725cf4df4cb  |t 0 
952 f f |a Texas A&M University  |b College Station  |c Electronic Resources  |d Available Online  |t 0  |e BF241 .W3195 2005eb  |h Library of Congress classification 
998 f f |a BF241 .W3195 2005eb  |t 0  |l Available Online